LEADER 00947nam0-22003371i-450- 001 990008001990403321 005 20070308165940.0 010 $a88-8125-015-2 035 $a000800199 035 $aFED01000800199 035 $a(Aleph)000800199FED01 035 $a000800199 100 $a20050209d1955----km-y0itay50------ba 101 0 $aita 102 $aIT 105 $ay-------001yy 200 1 $aFlessibilitą e riuso$fa cura di Valerio Di Battista, Carlotta Fontana, Maria Rita Pinto 210 $aFirenze$cAlinea$dc1995 215 $a204 p.$cill.$d22 cm 225 1 $aRecupero edilizio$v2 610 0 $aRecupero edilizio 702 1$aDi Battista,$bValerio 702 1$aFontana,$bCarlotta 702 1$aPinto,$bMaria Rita 801 0$aIT$bUNINA$gRICA$2UNIMARC 901 $aBK 912 $a990008001990403321 952 $aURB.LE B 2096$b14076$fFARBC 959 $aFARBC 996 $aFlessibilitą e riuso$9749584 997 $aUNINA